000
00243nam a22000857a 4500
008
161215b xxu||||| |||| 00| 0 eng d
100
_9
2070
_a
Kalra. P. S
245
_a
Laboratory Skills Mathematics part-4
260
_a
New Delhi
_b
Arya publication
_c
2007
999
_c
4941
_d
4941